[Event "2025 National K-12 Grade Championship"]
[Site "Spokane, WI USA, United States"]
[Date "2025.12.13"]
[Round "5.5"]
[White "Nandhakumar, Vaseegaran"]
[Black "Zhao, Erick"]
[Result "1/2-1/2"]
[TimeControl "G/90; d10"]
[WhiteTitle "FM"]
[BlackTitle "IM"]
[WhiteFideId "30946409"]
[BlackFideId "30946930"]
[WhiteElo "2177"]
[BlackElo "2518"]

1. Nf3 {[%clk 01:30:00]} Nf6 {[%emt 00:09:06]} 2. g3 {[%clk 01:29:23]} {[%emt
00:00:11]} c5 {[%clk 01:21:27]} {[%emt 00:00:24]} 3. Bg2 {[%clk 01:29:05]}
{[%emt 00:00:28]} d5 {[%clk 01:21:22]} {[%emt 00:00:16]} 4. d3 {[%clk
01:28:09]} {[%emt 00:01:04]} e6 {[%clk 01:19:19]} {[%emt 00:02:13]} 5. O-O
{[%clk 01:27:21]} {[%emt 00:00:58]} Nc6 {[%clk 01:19:14]} {[%emt 00:00:16]} 6.
Bf4 {[%clk 01:27:18]} {[%emt 00:00:12]} Bd6 {[%clk 01:17:47]} {[%emt 00:01:25]}
7. Bxd6 {[%clk 01:26:49]} {[%emt 00:00:51]} Qxd6 {[%clk 01:17:08]} {[%emt
00:00:47]} 8. Nbd2 {[%clk 01:25:59]} {[%emt 00:01:02]} O-O {[%clk 01:15:55]}
{[%emt 00:01:20]} 9. e4 {[%clk 01:25:38]} {[%emt 00:00:33]} dxe4 {[%clk
01:13:08]} {[%emt 00:02:56]} 10. dxe4 {[%clk 01:24:13]} {[%emt 00:01:38]} Rd8
{[%clk 01:12:47]} {[%emt 00:00:27]} 11. Qe2 {[%clk 01:21:00]} {[%emt 00:03:26]}
e5 {[%clk 01:12:24]} {[%emt 00:00:33]} 12. c3 {[%clk 01:19:21]} {[%emt
00:01:50]} Be6 {[%clk 01:09:16]} {[%emt 00:03:15]} 13. Nc4 {[%clk 01:10:31]}
{[%emt 00:09:03]} Bxc4 {[%clk 01:02:23]} {[%emt 00:07:03]} 14. Qxc4 {[%clk
01:10:29]} {[%emt 00:00:12]} a6 {[%clk 01:01:57]} {[%emt 00:00:36]} 15. Qe2
{[%clk 00:58:12]} {[%emt 00:12:27]} h6 {[%clk 01:01:57]} {[%emt 00:00:04]} 16.
Rfd1 {[%clk 00:55:34]} {[%emt 00:02:47]} Qe6 {[%clk 01:00:35]} {[%emt
00:01:31]} 17. Nd2 {[%clk 00:53:39]} {[%emt 00:02:06]} b5 {[%clk 00:56:12]}
{[%emt 00:04:34]} 18. a4 {[%clk 00:51:38]} {[%emt 00:02:10]} c4 {[%clk
00:54:49]} {[%emt 00:01:33]} 19. axb5 {[%clk 00:49:56]} {[%emt 00:01:53]} axb5
{[%clk 00:54:27]} {[%emt 00:00:32]} 20. Nf1 {[%clk 00:49:43]} {[%emt 00:00:22]}
Rxa1 {[%clk 00:53:20]} {[%emt 00:01:18]} 21. Rxa1 {[%clk 00:49:38]} {[%emt
00:00:15]} Qd6 {[%clk 00:51:05]} {[%emt 00:02:24]} 22. Ne3 {[%clk 00:45:04]}
{[%emt 00:04:45]} Qd2 {[%clk 00:48:48]} {[%emt 00:02:27]} 23. Kf1 {[%clk
00:44:59]} {[%emt 00:00:14]} Qd6 {[%clk 00:46:57]} {[%emt 00:01:57]} 24. Rd1
{[%clk 00:42:16]} {[%emt 00:02:58]} Qf8 {[%clk 00:45:32]} {[%emt 00:01:34]} 25.
Nd5 {[%clk 00:40:55]} {[%emt 00:01:31]} Nd7 {[%clk 00:45:32]} {[%emt 00:00:10]}
26. b4 {[%clk 00:39:07]} {[%emt 00:01:59]} Qd6 {[%clk 00:41:00]} {[%emt
00:04:40]} 27. Ra1 {[%clk 00:37:10]} {[%emt 00:02:08]} Ne7 {[%clk 00:38:41]}
{[%emt 00:02:29]} 28. Rd1 {[%clk 00:36:51]} {[%emt 00:00:30]} Ra8 {[%clk
00:36:44]} {[%emt 00:02:06]} 29. Bh3 {[%clk 00:33:17]} {[%emt 00:03:44]} Nf6
{[%clk 00:35:41]} {[%emt 00:01:10]} 30. Nxf6+ {[%clk 00:29:13]} {[%emt
00:04:18]} Qxf6 {[%clk 00:35:41]} {[%emt 00:00:05]} 31. Bd7 {[%clk 00:27:26]}
{[%emt 00:01:56]} Qb6 {[%clk 00:33:55]} {[%emt 00:01:55]} 32. Qe3 {[%clk
00:27:07]} {[%emt 00:00:30]} Qb7 {[%clk 00:30:28]} {[%emt 00:03:36]} 33. Kg1
{[%clk 00:23:18]} {[%emt 00:04:00]} Rd8 {[%clk 00:28:41]} {[%emt 00:01:57]} 34.
Bg4 {[%clk 00:23:18]} Rxd1+ {[%clk 00:27:38]} {[%emt 00:01:13]} 35. Bxd1 {[%clk
00:23:18]} {[%emt 00:00:02]} Qd7 {[%clk 00:26:56]} {[%emt 00:00:51]} 36. Be2
{[%clk 00:23:17]} {[%emt 00:00:12]} Qc6 {[%clk 00:23:09]} {[%emt 00:03:56]} 37.
Bg4 {[%clk 00:22:25]} {[%emt 00:01:03]} g6 {[%clk 00:23:06]} {[%emt 00:00:12]}
38. h4 {[%clk 00:22:20]} {[%emt 00:00:15]} Kg7 {[%clk 00:22:24]} {[%emt
00:00:53]} 39. h5 {[%clk 00:21:09]} {[%emt 00:01:21]} gxh5 {[%clk 00:17:50]}
{[%emt 00:04:44]} 40. Bxh5 {[%clk 00:21:09]} {[%emt 00:00:01]} Ng8 {[%clk
00:17:37]} {[%emt 00:00:23]} 41. Qa7 {[%clk 00:19:12]} {[%emt 00:02:08]} Qe6
{[%clk 00:16:42]} {[%emt 00:01:04]} 42. Qc5 {[%clk 00:19:04]} {[%emt 00:00:19]}
Nf6 {[%clk 00:16:31]} {[%emt 00:00:20]} 43. Bf3 {[%clk 00:19:04]} {[%emt
00:00:02]} Qe8 {[%clk 00:16:15]} {[%emt 00:00:25]} 44. Kg2 {[%clk 00:18:24]}
{[%emt 00:00:51]} Kh7 {[%clk 00:15:43]} {[%emt 00:00:37]} 45. Kf1 {[%clk
00:17:37]} {[%emt 00:01:01]} Kg7 {[%clk 00:15:43]} {[%emt 00:00:10]} 46. Kg1
{[%clk 00:17:08]} {[%emt 00:00:40]} Kh7 {[%clk 00:15:29]} {[%emt 00:00:23]} 47.
Bh1 {[%clk 00:16:57]} {[%emt 00:00:22]} Kg7 {[%clk 00:13:03]} {[%emt 00:02:36]}
48. Bg2 {[%clk 00:16:52]} {[%emt 00:00:14]} Kg8 {[%clk 00:12:36]} {[%emt
00:00:35]} 49. f3 {[%clk 00:14:13]} {[%emt 00:02:51]} Kg7 {[%clk 00:12:28]}
{[%emt 00:00:18]} 50. Bh3 {[%clk 00:13:53]} {[%emt 00:00:30]} Qd8 {[%clk
00:11:53]} {[%emt 00:00:45]} 51. Qxe5 {[%clk 00:13:15]} {[%emt 00:00:48]} Qd1+
{[%clk 00:11:04]} {[%emt 00:00:59]} 52. Kf2 {[%clk 00:13:15]} {[%emt 00:00:07]}
Qd2+ {[%clk 00:10:55]} {[%emt 00:00:20]} 53. Kf1 {[%clk 00:13:15]} {[%emt
00:00:04]} Qd1+ {[%clk 00:10:02]} {[%emt 00:01:04]} 54. Kf2 {[%clk 00:13:15]}
{[%emt 00:00:04]} Qd2+ {[%clk 00:09:58]} {[%emt 00:00:14]} 55. Kf1 {[%clk
00:13:15]} {[%emt 00:00:09]} Qd1+ {[%clk 00:09:58]} {[%emt 00:00:03]} 56. Kf2
{[%clk 00:13:15]} {[%emt 00:00:08]} Qd2+ {[%clk 00:09:58]} {[%emt 00:00:03]} 57.
Kf1 {[%clk 00:13:15]} Qd1+ {[%clk 00:09:57]} {[%emt 00:00:12]} 58. Kf2 {[%clk
00:13:08]} {[%emt 00:00:18]} Qd2+ {[%clk 00:09:57]} {[%emt 00:00:05]} 59. Kf1
{[%clk 00:13:08]} 1/2-1/2

[Event "2025 National K-12 Grade Championship"]
[Site "Spokane, WI USA, United States"]
[Date "2025.12.13"]
[Round "5.6"]
[White "Huang, Jolie"]
[Black "Shafer, Logan"]
[Result "0-1"]
[TimeControl "G/90; d10"]
[BlackTitle "CM"]
[WhiteFideId "39902838"]
[BlackFideId "30993342"]
[WhiteElo "1916"]
[BlackElo "2312"]

1. d4 {[%clk 01:30:00]} {[%emt 00:00:04]} d6 {[%clk 01:30:00]} {[%emt
00:00:05]} 2. c4 {[%clk 01:29:51]} {[%emt 00:00:19]} e5 {[%clk 01:30:00]}
{[%emt 00:00:04]} 3. d5 {[%clk 01:29:15]} {[%emt 00:00:46]} f5 {[%clk
01:30:00]} {[%emt 00:00:06]} 4. Nc3 {[%clk 01:29:12]} {[%emt 00:00:14]} Nf6
{[%clk 01:30:00]} {[%emt 00:00:06]} 5. g3 {[%clk 01:28:18]} {[%emt 00:01:04]}
Be7 {[%clk 01:30:00]} {[%emt 00:00:08]} 6. Bg2 {[%clk 01:28:11]} {[%emt
00:00:17]} O-O {[%clk 01:30:00]} {[%emt 00:00:08]} 7. Qc2 {[%clk 01:26:52]}
{[%emt 00:01:28]} Nbd7 {[%clk 01:29:02]} {[%emt 00:01:09]} 8. Nf3 {[%clk
01:25:31]} {[%emt 00:01:31]} Nc5 {[%clk 01:26:36]} {[%emt 00:02:36]} 9. b4
{[%clk 01:21:06]} {[%emt 00:04:36]} Nce4 {[%clk 01:26:24]} {[%emt 00:00:22]} 10.
Bb2 {[%clk 01:18:16]} {[%emt 00:02:59]} Nxc3 {[%clk 01:23:36]} {[%emt
00:02:58]} 11. Bxc3 {[%clk 01:17:55]} {[%emt 00:00:30]} Ne4 {[%clk 01:21:15]}
{[%emt 00:02:32]} 12. Bb2 {[%clk 01:15:29]} {[%emt 00:02:37]} b6 {[%clk
01:20:36]} {[%emt 00:00:48]} 13. Rc1 {[%clk 01:12:23]} {[%emt 00:03:16]} a5
{[%clk 01:19:45]} {[%emt 00:01:01]} 14. a3 {[%clk 01:11:29]} {[%emt 00:01:04]}
Qe8 {[%clk 01:17:45]} {[%emt 00:02:10]} 15. O-O {[%clk 01:08:55]} {[%emt
00:02:44]} Qh5 {[%clk 01:15:04]} {[%emt 00:02:51]} 16. Nd2 {[%clk 00:50:22]}
{[%emt 00:18:44]} Nxd2 {[%clk 01:12:07]} {[%emt 00:03:06]} 17. Qxd2 {[%clk
00:50:22]} {[%emt 00:00:06]} f4 {[%clk 01:11:26]} {[%emt 00:00:51]} 18. Rc3
{[%clk 00:45:48]} {[%emt 00:04:44]} axb4 {[%clk 01:08:02]} {[%emt 00:03:35]} 19.
axb4 {[%clk 00:45:48]} {[%emt 00:00:08]} Bg5 {[%clk 01:04:30]} {[%emt
00:03:43]} 20. Qd1 {[%clk 00:43:36]} {[%emt 00:02:22]} Rf6 {[%clk 00:46:25]}
{[%emt 00:18:14]} 21. gxf4 {[%clk 00:36:57]} {[%emt 00:06:49]} Bxf4 {[%clk
00:46:18]} {[%emt 00:00:16]} 22. h3 {[%clk 00:36:50]} {[%emt 00:00:17]} Rg6
{[%clk 00:42:50]} {[%emt 00:03:39]} 23. Kh1 {[%clk 00:33:23]} {[%emt 00:03:38]}
Bg4 {[%clk 00:39:33]} {[%emt 00:03:26]} 24. Re1 {[%clk 00:29:47]} {[%emt
00:03:47]} Qh4 {[%clk 00:36:04]} {[%emt 00:03:38]} 25. Rf1 {[%clk 00:23:04]}
{[%emt 00:06:52]} Bf5 {[%clk 00:34:52]} {[%emt 00:01:22]} 26. c5 {[%clk
00:14:44]} {[%emt 00:08:31]} Rxg2 {[%clk 00:31:55]} {[%emt 00:03:07]} 27. Kxg2
{[%clk 00:14:33]} {[%emt 00:00:21]} Be4+ {[%clk 00:31:55]} {[%emt 00:00:03]} 28.
Rf3 {[%clk 00:14:03]} {[%emt 00:00:40]} Bxf3+ {[%clk 00:27:23]} {[%emt
00:04:43]} 29. exf3 {[%clk 00:14:03]} {[%emt 00:00:09]} Qg5+ {[%clk 00:27:23]}
{[%emt 00:00:07]} 30. Kh1 {[%clk 00:14:02]} {[%emt 00:00:10]} Qh5 {[%clk
00:27:09]} {[%emt 00:00:24]} 31. Kg2 {[%clk 00:13:42]} {[%emt 00:00:30]} Rf8
{[%clk 00:25:54]} {[%emt 00:01:25]} 32. Rh1 {[%clk 00:10:58]} {[%emt 00:02:55]}
Qg6+ {[%clk 00:24:02]} {[%emt 00:02:02]} 33. Kf1 {[%clk 00:10:58]} {[%emt
00:00:06]} bxc5 {[%clk 00:24:02]} {[%emt 00:00:10]} 34. bxc5 {[%clk 00:10:17]}
{[%emt 00:00:51]} Rb8 {[%clk 00:23:13]} {[%emt 00:00:59]} 35. Rg1 {[%clk
00:02:59]} {[%emt 00:07:28]} Qf5 {[%clk 00:23:13]} {[%emt 00:00:09]} 36. Qa1
{[%clk 00:02:59]} {[%emt 00:00:08]} Qc2 {[%clk 00:21:41]} {[%emt 00:01:42]} 0-1

[Event "2025 National K-12 Grade Championship"]
[Site "Spokane, WI USA, United States"]
[Date "2025.12.13"]
[Round "5.8"]
[White "Pothuri, Abhiram Sai"]
[Black "Wang, William"]
[Result "1-0"]
[TimeControl "G/90; d10"]
[WhiteFideId "30969263"]
[BlackFideId "39931765"]
[WhiteElo "2185"]
[BlackElo "1867"]

1. e4 {[%clk 01:30:00]} c5 {[%clk 01:30:00]} {[%emt 00:00:08]} 2. Nf3 {[%clk
01:30:00]} {[%emt 00:00:08]} d6 {[%clk 01:30:00]} {[%emt 00:00:04]} 3. d4
{[%clk 01:30:00]} {[%emt 00:00:06]} cxd4 {[%clk 01:30:00]} {[%emt 00:00:03]} 4.
Nxd4 {[%clk 01:30:00]} {[%emt 00:00:06]} Nf6 {[%clk 01:30:00]} {[%emt
00:00:03]} 5. Nc3 {[%clk 01:30:00]} {[%emt 00:00:08]} g6 {[%clk 01:30:00]}
{[%emt 00:00:05]} 6. Be3 {[%clk 01:29:58]} {[%emt 00:00:12]} Bg7 {[%clk
01:29:54]} {[%emt 00:00:17]} 7. f3 {[%clk 01:29:38]} {[%emt 00:00:30]} O-O
{[%clk 01:29:54]} {[%emt 00:00:07]} 8. Bc4 {[%clk 01:29:11]} {[%emt 00:00:36]}
Nc6 {[%clk 01:29:54]} {[%emt 00:00:06]} 9. Qd2 {[%clk 01:27:52]} {[%emt
00:01:29]} Bd7 {[%clk 01:29:54]} {[%emt 00:00:06]} 10. O-O-O {[%clk 01:27:33]}
{[%emt 00:00:28]} Rb8 {[%clk 01:28:46]} {[%emt 00:01:19]} 11. g4 {[%clk
01:25:38]} {[%emt 00:02:04]} b5 {[%clk 01:28:34]} {[%emt 00:00:22]} 12. Bb3
{[%clk 01:19:30]} {[%emt 00:06:19]} Na5 {[%clk 01:27:11]} {[%emt 00:01:33]} 13.
Bh6 {[%clk 01:07:13]} {[%emt 00:12:27]} Bxh6 {[%clk 01:06:31]} {[%emt
00:20:50]} 14. Qxh6 {[%clk 01:07:13]} {[%emt 00:00:07]} e5 {[%clk 01:06:07]}
{[%emt 00:00:35]} 15. Nf5 {[%clk 00:51:23]} {[%emt 00:15:59]} Nxb3+ {[%clk
01:01:04]} {[%emt 00:05:13]} 16. axb3 {[%clk 00:51:23]} {[%emt 00:00:06]} gxf5
{[%clk 00:53:26]} {[%emt 00:07:48]} 17. g5 {[%clk 00:50:46]} {[%emt 00:00:46]}
Ne8 {[%clk 00:25:17]} {[%emt 00:28:20]} 18. Nd5 {[%clk 00:50:30]} {[%emt
00:00:26]} f6 {[%clk 00:23:36]} {[%emt 00:01:51]} 19. Rhg1 {[%clk 00:46:28]}
{[%emt 00:04:11]} Rf7 {[%clk 00:18:37]} {[%emt 00:05:10]} 20. gxf6+ {[%clk
00:44:33]} {[%emt 00:02:05]} Kh8 {[%clk 00:18:33]} {[%emt 00:00:14]} 21. Ne7
{[%clk 00:44:33]} {[%emt 00:00:10]} Qxe7 {[%clk 00:16:14]} {[%emt 00:02:30]} 22.
fxe7 {[%clk 00:44:30]} {[%emt 00:00:12]} Rg7 {[%clk 00:14:28]} {[%emt
00:01:56]} 23. Rxg7 {[%clk 00:44:25]} {[%emt 00:00:14]} Nxg7 {[%clk 00:14:28]}
{[%emt 00:00:04]} 24. Qxd6 {[%clk 00:44:19]} {[%emt 00:00:15]} Be8 {[%clk
00:14:08]} {[%emt 00:00:31]} 1-0

[Event "2025 National K-12 Grade Championship"]
[Site "Spokane, WI USA, United States"]
[Date "2025.12.13"]
[Round "5.9"]
[White "Xu, Gordon Zhenyu"]
[Black "Suarez, Sebastian"]
[Result "0-1"]
[TimeControl "G/90; d10"]
[WhiteTitle "CM"]
[WhiteFideId "30981506"]
[BlackFideId "30979080"]
[WhiteElo "2258"]
[BlackElo "2299"]

1. e4 {[%clk 01:30:00]} c5 {[%clk 01:25:18]} {[%emt 00:04:47]} 2. Nf3 {[%clk
01:30:00]} {[%emt 00:00:12]} e6 {[%clk 01:25:07]} {[%emt 00:00:21]} 3. d4
{[%clk 01:30:00]} {[%emt 00:00:04]} cxd4 {[%clk 01:25:07]} {[%emt 00:00:03]} 4.
Nxd4 {[%clk 01:30:00]} {[%emt 00:00:04]} a6 {[%clk 01:25:07]} {[%emt 00:00:05]}
5. g3 {[%clk 01:29:44]} {[%emt 00:00:27]} Nf6 {[%clk 01:24:41]} {[%emt
00:00:35]} 6. Bg2 {[%clk 01:29:44]} {[%emt 00:00:06]} d6 {[%clk 01:24:37]}
{[%emt 00:00:15]} 7. O-O {[%clk 01:29:41]} {[%emt 00:00:13]} Be7 {[%clk
01:24:37]} {[%emt 00:00:04]} 8. c4 {[%clk 01:28:35]} {[%emt 00:01:16]} O-O
{[%clk 01:24:34]} {[%emt 00:00:14]} 9. Nc3 {[%clk 01:28:24]} {[%emt 00:00:21]}
Bd7 {[%clk 01:24:15]} {[%emt 00:00:28]} 10. b3 {[%clk 01:24:25]} {[%emt
00:04:10]} Nc6 {[%clk 01:24:15]} {[%emt 00:00:09]} 11. Nxc6 {[%clk 01:22:40]}
{[%emt 00:01:54]} Bxc6 {[%clk 01:23:33]} {[%emt 00:00:53]} 12. Bb2 {[%clk
01:22:30]} {[%emt 00:00:19]} Rc8 {[%clk 01:23:26]} {[%emt 00:00:17]} 13. Qe2
{[%clk 01:21:23]} {[%emt 00:01:17]} Re8 {[%clk 01:17:03]} {[%emt 00:06:33]} 14.
Rad1 {[%clk 01:20:39]} {[%emt 00:00:54]} Qa5 {[%clk 01:13:40]} {[%emt
00:03:33]} 15. a4 {[%clk 01:12:16]} {[%emt 00:08:34]} Nd7 {[%clk 01:11:11]}
{[%emt 00:02:38]} 16. Na2 {[%clk 00:52:11]} {[%emt 00:20:14]} Qb6 {[%clk
00:41:31]} {[%emt 00:29:52]} 17. Nc1 {[%clk 00:47:59]} {[%emt 00:04:21]} a5
{[%clk 00:40:18]} {[%emt 00:01:23]} 18. Kh1 {[%clk 00:43:28]} {[%emt 00:04:41]}
Bf8 {[%clk 00:38:42]} {[%emt 00:01:46]} 19. Qc2 {[%clk 00:42:17]} {[%emt
00:01:18]} Nc5 {[%clk 00:32:33]} {[%emt 00:06:22]} 20. Bd4 {[%clk 00:39:23]}
{[%emt 00:03:03]} Red8 {[%clk 00:32:33]} {[%emt 00:00:05]} 21. Be3 {[%clk
00:38:18]} {[%emt 00:01:16]} Rd7 {[%clk 00:27:14]} {[%emt 00:05:29]} 22. Rd2
{[%clk 00:37:10]} {[%emt 00:01:17]} Rcd8 {[%clk 00:27:14]} {[%emt 00:00:01]} 23.
Rfd1 {[%clk 00:36:33]} {[%emt 00:00:47]} Be7 {[%clk 00:25:57]} {[%emt
00:01:28]} 24. f4 {[%clk 00:35:13]} {[%emt 00:01:29]} Bf8 {[%clk 00:24:26]}
{[%emt 00:01:42]} 25. Bg1 {[%clk 00:35:12]} {[%emt 00:00:10]} Be7 {[%clk
00:23:44]} {[%emt 00:00:53]} 26. Qc3 {[%clk 00:25:43]} {[%emt 00:09:38]} Bf6
{[%clk 00:21:22]} {[%emt 00:02:33]} 27. Qe3 {[%clk 00:25:11]} {[%emt 00:00:39]}
Be7 {[%clk 00:21:11]} {[%emt 00:00:24]} 28. Qf2 {[%clk 00:22:50]} {[%emt
00:02:30]} Qb4 {[%clk 00:19:48]} {[%emt 00:01:33]} 29. Qe3 {[%clk 00:22:23]}
{[%emt 00:00:37]} Qb6 {[%clk 00:19:48]} {[%emt 00:00:09]} 30. g4 {[%clk
00:20:29]} {[%emt 00:02:03]} Re8 {[%clk 00:17:45]} {[%emt 00:02:14]} 31. Bf3
{[%clk 00:19:14]} {[%emt 00:01:25]} Bf8 {[%clk 00:16:49]} {[%emt 00:01:06]} 32.
Bg2 {[%clk 00:13:22]} {[%emt 00:06:02]} Red8 {[%clk 00:16:28]} {[%emt
00:00:31]} 33. Bf2 {[%clk 00:10:51]} {[%emt 00:02:42]} Be7 {[%clk 00:16:28]}
{[%emt 00:00:07]} 34. Bg3 {[%clk 00:10:44]} {[%emt 00:00:18]} Nxa4 {[%clk
00:15:05]} {[%emt 00:01:32]} 35. Qxb6 {[%clk 00:06:39]} {[%emt 00:04:15]} Nxb6
{[%clk 00:15:05]} {[%emt 00:00:02]} 36. Bf2 {[%clk 00:06:21]} {[%emt 00:00:28]}
Na8 {[%clk 00:14:31]} {[%emt 00:00:44]} 37. Ra2 {[%clk 00:04:08]} {[%emt
00:02:23]} b6 {[%clk 00:14:10]} {[%emt 00:00:31]} 38. Ne2 {[%clk 00:04:02]}
{[%emt 00:00:16]} Kf8 {[%clk 00:13:06]} {[%emt 00:01:13]} 39. Nd4 {[%clk
00:04:02]} {[%emt 00:00:02]} Bb7 {[%clk 00:13:06]} {[%emt 00:00:01]} 40. Nb5
{[%clk 00:03:45]} {[%emt 00:00:27]} h6 {[%clk 00:11:37]} {[%emt 00:01:40]} 41.
Rad2 {[%clk 00:03:45]} {[%emt 00:00:01]} Ke8 {[%clk 00:11:13]} {[%emt
00:00:34]} 42. Bd4 {[%clk 00:03:43]} {[%emt 00:00:12]} f6 {[%clk 00:08:35]}
{[%emt 00:02:48]} 43. Bb2 {[%clk 00:03:29]} {[%emt 00:00:24]} Ba6 {[%clk
00:08:35]} {[%emt 00:00:01]} 44. Nd4 {[%clk 00:03:28]} {[%emt 00:00:10]} Rc8
{[%clk 00:07:16]} {[%emt 00:01:29]} 45. Nxe6 {[%clk 00:03:28]} {[%emt
00:00:07]} Kf7 {[%clk 00:07:16]} 46. Nd4 {[%clk 00:03:28]} {[%emt 00:00:09]} a4
{[%clk 00:07:16]} 47. bxa4 {[%clk 00:02:42]} {[%emt 00:00:56]} Rxc4 {[%clk
00:07:16]} {[%emt 00:00:05]} 48. Nf5 {[%clk 00:02:21]} {[%emt 00:00:31]} Bb7
{[%clk 00:03:28]} {[%emt 00:03:57]} 49. Nxd6+ {[%clk 00:01:53]} {[%emt
00:00:39]} Bxd6 {[%clk 00:03:28]} {[%emt 00:00:01]} 50. Rxd6 {[%clk 00:01:53]}
{[%emt 00:00:01]} Rxd6 {[%clk 00:03:28]} {[%emt 00:00:01]} 51. Rxd6 {[%clk
00:01:53]} Bxe4 {[%clk 00:03:28]} {[%emt 00:00:01]} 52. Bd4 {[%clk 00:01:00]}
{[%emt 00:01:02]} Bxg2+ {[%clk 00:03:12]} {[%emt 00:00:27]} 53. Kxg2 {[%clk
00:01:00]} {[%emt 00:00:01]} Ke7 {[%clk 00:03:12]} {[%emt 00:00:05]} 54. Rxb6
{[%clk 00:00:42]} {[%emt 00:00:28]} Nxb6 {[%clk 00:03:02]} {[%emt 00:00:20]} 55.
Bxb6 {[%clk 00:00:42]} {[%emt 00:00:01]} Rxa4 {[%clk 00:03:02]} {[%emt
00:00:04]} 56. Be3 {[%clk 00:00:42]} {[%emt 00:00:03]} Ke6 {[%clk 00:03:02]}
{[%emt 00:00:10]} 57. Kf3 {[%clk 00:00:42]} {[%emt 00:00:03]} Kd5 {[%clk
00:03:02]} {[%emt 00:00:03]} 58. h3 {[%clk 00:00:39]} {[%emt 00:00:12]} Ra3
{[%clk 00:03:02]} {[%emt 00:00:02]} 59. h4 {[%clk 00:00:39]} {[%emt 00:00:06]}
Rb3 {[%clk 00:03:02]} {[%emt 00:00:01]} 60. f5 {[%clk 00:00:39]} {[%emt
00:00:11]} Ke5 {[%clk 00:03:02]} {[%emt 00:00:08]} 61. Ke2 {[%clk 00:00:24]}
{[%emt 00:00:25]} Ke4 {[%clk 00:03:02]} {[%emt 00:00:03]} 62. Bc5 {[%clk
00:00:24]} {[%emt 00:00:06]} Rg3 {[%clk 00:03:02]} {[%emt 00:00:11]} 63. g5
{[%clk 00:00:24]} {[%emt 00:00:05]} hxg5 {[%clk 00:03:02]} {[%emt 00:00:04]} 64.
h5 {[%clk 00:00:24]} {[%emt 00:00:03]} Rg2+ {[%clk 00:03:02]} {[%emt 00:00:07]}
65. Kf1 {[%clk 00:00:24]} {[%emt 00:00:02]} Rh2 {[%clk 00:03:02]} {[%emt
00:00:01]} 66. Bf8 {[%clk 00:00:24]} {[%emt 00:00:02]} Rxh5 {[%clk 00:03:02]}
{[%emt 00:00:03]} 0-1

[Event "2025 National K-12 Grade Championship"]
[Site "Spokane, WI USA, United States"]
[Date "2025.12.13"]
[Round "5.10"]
[White "Moorhouse, Will"]
[Black "Vemparala, Nikash"]
[Result "0-1"]
[TimeControl "G/90; d10"]
[BlackTitle "CM"]
[WhiteFideId "30989531"]
[BlackFideId "30960967"]
[WhiteElo "2194"]
[BlackElo "2247"]

1. e4 {[%clk 01:30:00]} e5 {[%clk 01:27:39]} {[%emt 00:02:38]} 2. Nf3 {[%clk
01:29:55]} {[%emt 00:00:16]} Nc6 {[%clk 01:27:39]} {[%emt 00:00:08]} 3. Nc3
{[%clk 01:29:26]} {[%emt 00:00:39]} Nf6 {[%clk 01:27:39]} {[%emt 00:00:03]} 4.
Bb5 {[%clk 01:28:47]} {[%emt 00:00:49]} Nd4 {[%clk 01:27:39]} {[%emt 00:00:05]}
5. O-O {[%clk 01:28:40]} {[%emt 00:00:18]} c6 {[%clk 01:25:48]} {[%emt
00:02:01]} 6. Bd3 {[%clk 01:27:50]} {[%emt 00:00:59]} Nxf3+ {[%clk 01:23:06]}
{[%emt 00:02:52]} 7. Qxf3 {[%clk 01:27:50]} {[%emt 00:00:08]} d6 {[%clk
01:12:53]} {[%emt 00:10:25]} 8. Be2 {[%clk 01:24:22]} {[%emt 00:03:38]} Be6
{[%clk 01:09:31]} {[%emt 00:03:31]} 9. Qg3 {[%clk 01:14:32]} {[%emt 00:09:59]}
h5 {[%clk 00:58:46]} {[%emt 00:10:55]} 10. d3 {[%clk 00:56:23]} {[%emt
00:18:20]} h4 {[%clk 00:57:13]} {[%emt 00:01:43]} 11. Qe3 {[%clk 00:53:53]}
{[%emt 00:02:40]} Be7 {[%clk 00:52:38]} {[%emt 00:04:45]} 12. d4 {[%clk
00:44:09]} {[%emt 00:09:54]} Ng4 {[%clk 00:45:33]} {[%emt 00:07:15]} 13. Qd3
{[%clk 00:34:48]} {[%emt 00:09:30]} exd4 {[%clk 00:43:50]} {[%emt 00:01:53]} 14.
Qxd4 {[%clk 00:33:51]} {[%emt 00:01:08]} Bf6 {[%clk 00:43:11]} {[%emt
00:00:49]} 15. Qd1 {[%clk 00:32:36]} {[%emt 00:01:26]} Qd7 {[%clk 00:38:36]}
{[%emt 00:04:44]} 16. f4 {[%clk 00:28:53]} {[%emt 00:03:53]} h3 {[%clk
00:27:45]} {[%emt 00:11:00]} 17. g3 {[%clk 00:26:07]} {[%emt 00:02:56]} Bxc3
{[%clk 00:23:15]} {[%emt 00:04:41]} 18. f5 {[%clk 00:18:09]} {[%emt 00:08:08]}
Bc4 {[%clk 00:23:00]} {[%emt 00:00:24]} 19. Bxc4 {[%clk 00:17:00]} {[%emt
00:01:19]} Ne5 {[%clk 00:23:00]} {[%emt 00:00:06]} 20. bxc3 {[%clk 00:12:22]}
{[%emt 00:04:49]} Nxc4 {[%clk 00:22:57]} {[%emt 00:00:13]} 21. Qd4 {[%clk
00:12:22]} {[%emt 00:00:06]} Ne5 {[%clk 00:21:02]} {[%emt 00:02:06]} 22. Ba3
{[%clk 00:10:22]} {[%emt 00:02:10]} Rd8 {[%clk 00:14:15]} {[%emt 00:06:56]} 23.
f6 {[%clk 00:06:37]} {[%emt 00:03:54]} Qe6 {[%clk 00:10:50]} {[%emt 00:03:36]}
24. fxg7 {[%clk 00:05:46]} {[%emt 00:01:01]} Rg8 {[%clk 00:10:50]} {[%emt
00:00:06]} 25. Rad1 {[%clk 00:04:04]} {[%emt 00:01:52]} Rxg7 {[%clk 00:10:32]}
{[%emt 00:00:28]} 26. Bxd6 {[%clk 00:02:15]} {[%emt 00:02:00]} f6 {[%clk
00:10:31]} {[%emt 00:00:11]} 27. Qxe5 {[%clk 00:01:32]} {[%emt 00:00:53]} fxe5
{[%clk 00:06:13]} {[%emt 00:04:28]} 28. Rf8+ {[%clk 00:01:32]} {[%emt
00:00:01]} Kd7 {[%clk 00:06:13]} {[%emt 00:00:06]} 29. Bb8+ {[%clk 00:01:32]}
{[%emt 00:00:10]} Ke7 {[%clk 00:06:03]} {[%emt 00:00:20]} 30. Rdxd8 {[%clk
00:01:14]} {[%emt 00:00:28]} Qxa2 {[%clk 00:04:58]} {[%emt 00:01:15]} 31. Rde8+
{[%clk 00:00:28]} {[%emt 00:00:56]} Kd7 {[%clk 00:04:58]} {[%emt 00:00:05]} 32.
Rd8+ {[%clk 00:00:28]} {[%emt 00:00:09]} Ke6 {[%clk 00:04:52]} {[%emt
00:00:16]} 33. Rd6+ {[%clk 00:00:28]} {[%emt 00:00:02]} Ke7 {[%clk 00:04:52]}
{[%emt 00:00:02]} 34. Rff6 {[%clk 00:00:05]} {[%emt 00:00:32]} Qb1+ {[%clk
00:04:34]} {[%emt 00:00:29]} 35. Kf2 {[%emt 00:00:11]} Rf7 {[%clk 00:03:02]}
{[%emt 00:01:41]} 36. Rde6+ {[%clk 00:00:05]} {[%emt 00:00:02]} Kf8 {[%clk
00:03:02]} {[%emt 00:00:01]} 37. Bd6+ {[%emt 00:00:05]} 0-1